000 00283nam a2200109Ia 4500
008 230907s9999||||xx |||||||||||||| ||und||
082 _a621.3822
_bALE
100 _aAlexander, Winser E.,
_9116066
245 0 _aDigital signal processing :
300 _axxix, 604 pages :
942 _cBK
999 _c600938
_d600938